LEADER 00431naa a2200133 i 4500 001 000000326445 003 CaOOAMICUS 005 20180831173522.0 008 180831n it u000 u ita u 013 $a37594 040 $aSeMil$bita 245 13$aLa forma cristiana. 773 0 $aPaulus VI $tPaolo 6..$dRoma : Studium, 2016.$z978-88-382-4406-3$gp.353-372$w()186611 996 $6245$aLa forma cristiana$9(OLS)http://semarc/title/399526 LEADER 01122nam a2200241 i 4500 001 000000048214 003 CaOOAMICUS 005 19960502000000.0 008 960502s1896 xx u000 u lat u 013 $a19384 040 $aSeMil$bita 100 1 $aBillot, Louis,$c.$0(OLS)http://semarc/name/11658 245 10$aDe Deo Uno et Trino :$bcommentarius in primam partem S. Thomae /$cauctore Ludovico Billot. 250 $aEd. 3., aucta et emendata. 260 $aRomae :$bEx Typographia Polyglotta,$c1896. 300 $a639 p. ;$c23 cm. 650 4$aTeologia - Manuali.$0(OLS)http://semarc/subject/315 650 4$aTrinità - Teologia - De Deo uno et trino.$0(OLS)http://semarc/subject/4413 650 4$aTrinità - Concezione [di] Tommaso : d'Aquino.$0(OLS)http://semarc/subject/6965 850 $aSeMil 852 $aSeMil$W1$xVenegono$y1$m2D III 67 FA$j14369$B14369$CSeMilBibl$Z2$F14369 $8I 996 $6245$aDe Deo Uno et Trino :$bcommentarius in primam partem S. Thomae$9(OLS)http://semarc/title/288649 996 $6260$aRomae :$bEx Typographia Polyglotta$9(OLS)http://semarc/publisher/29969